Лекарствени взаимодействия (Запис номер 57610)
[ съкратено ]
| 000 -Лидер | |
|---|---|
| Контролно поле с фиксирана дължина | 01574nam a2200301 c 4500 |
| 003 - Код на организацията, давaща контролен номер | |
| Контролно поле | BLK |
| 005 - Дата и час на последна редакция | |
| Контролно поле | 20180422102116.0 |
| 008 - Елементи от данни с фиксирана дължина | |
| fixed length control field | 180408b bul|||||r ||||||| ||bul|| |
| 010 ## - Наследен системен номер | |
| LC control number | KNG00061616000 |
| 040 ## - Източник на каталожния запис | |
| Идентификатор на билиотеката - собственик на записа | BLK |
| 041 ## - Код за език | |
| Код за езика на текст/звукозапис или на отделно заглавие | Български |
| Код за езика КДБФ | Български |
| 080 ## - УДК | |
| Текстов определител УДК | Фармакодинамика.Общи принципи на фармакологията - Взаимовръзка между състав,концентрация,дозировка,време и действие на лекарството;синергично(съвместно) и антагонистично действие;дозиране, хомеопатия, |
| УДК код - определител по УДК | 615.015 |
| УДК определител | |
| УДК - код + определител | 615.015 |
| 100 1# - Редна дума - Автор | |
| Автор | Станева-Стойчева, Душка |
| Авторска отговорност | първи автор |
| R(LIN) | 368165 |
| 139 ## - Редно поле | |
| Редна дума | Станева-Стойчева, Душка и др. |
| Авторски знак | Стан - С 68 |
| 245 10 - Сведения за заглавието | |
| Заглавие | Лекарствени взаимодействия |
| Подзаглавни данни | Моногр. |
| Редно поле (дума) | Душка Станева-Стойчева; съавт. Цанко Стефанов Стойчев. |
| 257 ## - Страна на издаване | |
| Страна на създаване/издаване | България |
| 260 ## - Област на издателските данни | |
| -- | София |
| Име на издателя, разпространителя и проч. | Медицина и физкултура |
| Година на издаване | 1984 |
| 300 ## - Физическа характеристика | |
| Страници | 280 с. |
| Илюстрации и др. | с табл., диагр., сх. |
| Размери/Мащаб | 22 см |
| 380 ## - Жанр | |
| Жанр | Медицина |
| 500 ## - Общи забележки | |
| Забележка | Библиогр. след отделните глави ; Предм. показалец |
| 650 #4 - Допълнително описание по предмет – тема | |
| Основно описание – тема или топоним | Лекарства - действие на организма |
| 9 (RLIN) | 249953 |
| 700 1# - Други автори (авторска отговорност) | |
| Лично име | Стойчев, Цанко Стефанов |
| Автороска отговорност (Описва отношението между автора и произведението) | съавт. |
| 9 (RLIN) | 369548 |
| 852 ## - Местоположение | |
| Форматна сигнатура | Цб 131373 |
| 856 4# - Електронен адрес и достъп | |
| Електронен формат | pdf - файл |
| Път до файла /url/ | |
| 856 4# - Електронен адрес и достъп | |
| Електронен формат | pdf - файл |
| Път до файла /url/ | |
| 942 ## - АРТИКУЛИ | |
| Вид на библиотечния материал | Книги |
| Скрит в OPAC | Не |
| 944 ## - СЪЗДАВАНЕ И РЕДАКЦИЯ на ЗАПИСА | |
| Създаване/Редакция | Създаване |
| Дата на регистрацията/редакция | 13.06.2004 |
| Служител, извършил регистрацията/редакцията | Читалня |
| 944 ## - СЪЗДАВАНЕ И РЕДАКЦИЯ на ЗАПИСА | |
| Създаване/Редакция | Редакция |
| Дата на регистрацията/редакция | 28.09.2015 |
| Служител, извършил регистрацията/редакцията | |
| 999 ## - СИСТЕМНИ КОНТРОЛНИ НОМЕРА | |
| Koha biblionumber | 57610 |
| Koha biblioitemnumber | 57610 |
| Код за отписване | Код за изгубен артикул | Източник на класификационната схема | Код за повреда | Коз за рестрикции | Код за отдаване | Артикулен № | Име на библиотеката - собственик | Име на библиотеката, в която се намира в момента | Статус (Текущо местоположение) | Дата на вписване в системата | Местоположение - отдел | Цена в лева | Инвентарен номер | Систематично азбучна сигнатура | Баркод | Номер на екземпляра | Цена в евро | Служебна бележка | Служебен тип на артикула |
|---|---|---|---|---|---|---|---|---|---|---|---|---|---|---|---|---|---|---|---|
| Изтеглен | Не е изгубен | Universal Decimal Classification | Не е повреден | без рестрикции | ползва се в читалня | 93688 | Регионална библиотека "Любен Каравелов" Русе | Регионална библиотека "Любен Каравелов" Русе | Читалня | 1993-01-01 | Читалня | 3.49 | 413521 | Ч 615/С68Д | 413521 | 1 | 1.78 | Дата инв: 17.03.2017 Бележки инв: Ч2017 | Книги |
| Не е изгубен | Universal Decimal Classification | Не е повреден | без рестрикции | ползва се в читалня | 93689 | Регионална библиотека "Любен Каравелов" Русе | Регионална библиотека "Любен Каравелов" Русе | Хранилище | 1984-01-01 | Хранилище | 3.49 | 418840 | Цб 131373 | 900000015864 | 2 | 1.78 | Дост: Dp Вид: Д N: стар фонд Дата: 01.01.1984 | Книги | |
| Изтеглен | Не е изгубен | Universal Decimal Classification | Не е повреден | без рестрикции | заемане за дома | 93690 | Регионална библиотека "Любен Каравелов" Русе | Регионална библиотека "Любен Каравелов" Русе | Заемна - подръчен фонд | 1984-01-01 | Заемна - подръчен фонд | 3.49 | 413518 | П 615/С 68 | 413518 | 3 | 1.78 | Вид: Сф N: стар фонд Дата: 01.01.1984 | Книги |